Loading...
| Current Events | 1 | 20.00 | 100% | 0% | 100% |
| Fine Arts - Classical Music | 9 | 17.78 | 100% | 67% | 11% |
| Fine Arts - Other Fine Arts | 7 | 17.14 | 100% | 57% | 14% |
| Fine Arts - Painting and Sculpture | 7 | 22.86 | 100% | 86% | 43% |
| Geography | 2 | 10.00 | 100% | 0% | 0% |
| History - American History | 8 | 18.75 | 100% | 75% | 13% |
| History - European History | 6 | 16.67 | 100% | 67% | 0% |
| History - Other History | 7 | 21.43 | 100% | 86% | 29% |
| History - World History | 6 | 21.67 | 83% | 100% | 33% |
| Literature - American Literature | 8 | 13.75 | 100% | 25% | 13% |
| Literature - British Literature | 7 | 14.29 | 100% | 43% | 0% |
| Literature - European Literature | 8 | 15.00 | 88% | 63% | 0% |
| Literature - World Literature | 6 | 18.33 | 100% | 67% | 17% |
| Mythology | 4 | 25.00 | 100% | 75% | 75% |
| Other Academic | 2 | 20.00 | 100% | 100% | 0% |
| Philosophy | 6 | 15.00 | 100% | 50% | 0% |
| Pop Culture | 1 | 20.00 | 100% | 100% | 0% |
| Religion | 7 | 18.57 | 100% | 57% | 29% |
| Science - Biology | 7 | 22.86 | 100% | 86% | 43% |
| Science - Chemistry | 7 | 18.57 | 100% | 86% | 0% |
| Science - Other Science | 8 | 15.00 | 100% | 38% | 13% |
| Science - Physics | 7 | 12.86 | 57% | 57% | 14% |
| Social Science | 6 | 11.67 | 100% | 17% | 0% |